000 00511cam a2200205ua 4500
020 _c600.00
041 _aeng
_h
082 _a551.492
_bRED/WA
100 _aReddy, V V R etal. .
245 _awatershed management /
_cVVR Reddy.
_hTextual Documents
260 _aUdaypur :
_bAgro-tech publishing academy ,
_c2008.
300 _a200 ;
_e`.
365 _a600.00
504 _a
942 _cBK
999 _c13083
_d13083